<?xml version="1.0" encoding="UTF-8"?>
<collection xmlns="http://www.loc.gov/MARC21/slim">
<record>
  <controlfield tag="001">53859</controlfield>
  <controlfield tag="005">20230504192057.0</controlfield>
  <datafield tag="024" ind1="7" ind2=" ">
    <subfield code="a">10.1103/PhysRevC.81.064312</subfield>
    <subfield code="2">doi</subfield>
  </datafield>
  <datafield tag="024" ind1="7" ind2=" ">
    <subfield code="a">1089-490X</subfield>
    <subfield code="2">ISSN</subfield>
  </datafield>
  <datafield tag="024" ind1="7" ind2=" ">
    <subfield code="a">0556-2813</subfield>
    <subfield code="2">ISSN</subfield>
  </datafield>
  <datafield tag="024" ind1="7" ind2=" ">
    <subfield code="a">WOS:000278880700001</subfield>
    <subfield code="2">WOS</subfield>
  </datafield>
  <datafield tag="037" ind1=" " ind2=" ">
    <subfield code="a">GSI-2013-04604</subfield>
  </datafield>
  <datafield tag="041" ind1=" " ind2=" ">
    <subfield code="a">English</subfield>
  </datafield>
  <datafield tag="082" ind1=" " ind2=" ">
    <subfield code="a">530</subfield>
  </datafield>
  <datafield tag="100" ind1="1" ind2=" ">
    <subfield code="a">Dworschak, M.</subfield>
    <subfield code="0">P:(DE-Ds200)BUDP1-0060</subfield>
    <subfield code="b">0</subfield>
    <subfield code="u">gsi</subfield>
    <subfield code="e">Corresponding author</subfield>
  </datafield>
  <datafield tag="245" ind1=" " ind2=" ">
    <subfield code="a">Penning trap mass measurements on nobelium isotopes</subfield>
  </datafield>
  <datafield tag="260" ind1=" " ind2=" ">
    <subfield code="a">Woodbury, NY</subfield>
    <subfield code="c">2010</subfield>
    <subfield code="b">Inst.</subfield>
  </datafield>
  <datafield tag="336" ind1="7" ind2=" ">
    <subfield code="a">Journal Article</subfield>
    <subfield code="b">journal</subfield>
    <subfield code="m">journal</subfield>
    <subfield code="0">PUB:(DE-HGF)16</subfield>
    <subfield code="s">1376056484_32173</subfield>
    <subfield code="2">PUB:(DE-HGF)</subfield>
  </datafield>
  <datafield tag="336" ind1="7" ind2=" ">
    <subfield code="a">article</subfield>
    <subfield code="2">DRIVER</subfield>
  </datafield>
  <datafield tag="336" ind1="7" ind2=" ">
    <subfield code="a">ARTICLE</subfield>
    <subfield code="2">BibTeX</subfield>
  </datafield>
  <datafield tag="336" ind1="7" ind2=" ">
    <subfield code="a">Journal Article</subfield>
    <subfield code="0">0</subfield>
    <subfield code="2">EndNote</subfield>
  </datafield>
  <datafield tag="536" ind1=" " ind2=" ">
    <subfield code="a">544 - In-house Research with PNI (POF2-544)</subfield>
    <subfield code="0">G:(DE-HGF)POF2-544</subfield>
    <subfield code="c">POF2-544</subfield>
    <subfield code="x">0</subfield>
    <subfield code="f">POF II</subfield>
  </datafield>
  <datafield tag="536" ind1=" " ind2=" ">
    <subfield code="a">533 - Exotic Nuclei and Nuclear Astrophysics (ENNA) (POF2-533)</subfield>
    <subfield code="0">G:(DE-HGF)POF2-533</subfield>
    <subfield code="c">POF2-533</subfield>
    <subfield code="x">1</subfield>
    <subfield code="f">POF II</subfield>
  </datafield>
  <datafield tag="542" ind1=" " ind2=" ">
    <subfield code="i">2010-06-17</subfield>
    <subfield code="2">Crossref</subfield>
    <subfield code="u">http://link.aps.org/licenses/aps-default-license</subfield>
  </datafield>
  <datafield tag="588" ind1=" " ind2=" ">
    <subfield code="a">Dataset connected to CrossRef, repository.gsi.de</subfield>
  </datafield>
  <datafield tag="700" ind1="1" ind2=" ">
    <subfield code="a">Block, M.</subfield>
    <subfield code="0">P:(DE-Ds200)OR0128</subfield>
    <subfield code="b">1</subfield>
    <subfield code="u">gsi</subfield>
  </datafield>
  <datafield tag="700" ind1="1" ind2=" ">
    <subfield code="a">Ackermann, D.</subfield>
    <subfield code="0">P:(DE-Ds200)OR0004</subfield>
    <subfield code="b">2</subfield>
    <subfield code="u">gsi</subfield>
  </datafield>
  <datafield tag="700" ind1="1" ind2=" ">
    <subfield code="a">Audi, G.</subfield>
    <subfield code="b">3</subfield>
  </datafield>
  <datafield tag="700" ind1="1" ind2=" ">
    <subfield code="a">Blaum, K.</subfield>
    <subfield code="b">4</subfield>
  </datafield>
  <datafield tag="700" ind1="1" ind2=" ">
    <subfield code="a">Droese, C.</subfield>
    <subfield code="b">5</subfield>
  </datafield>
  <datafield tag="700" ind1="1" ind2=" ">
    <subfield code="a">Eliseev, S.</subfield>
    <subfield code="b">6</subfield>
  </datafield>
  <datafield tag="700" ind1="1" ind2=" ">
    <subfield code="a">Fleckenstein, T.</subfield>
    <subfield code="b">7</subfield>
  </datafield>
  <datafield tag="700" ind1="1" ind2=" ">
    <subfield code="a">Haettner, E.</subfield>
    <subfield code="0">P:(DE-HGF)0</subfield>
    <subfield code="b">8</subfield>
  </datafield>
  <datafield tag="700" ind1="1" ind2=" ">
    <subfield code="a">Herfurth, F.</subfield>
    <subfield code="0">P:(DE-Ds200)OR0461</subfield>
    <subfield code="b">9</subfield>
    <subfield code="u">gsi</subfield>
  </datafield>
  <datafield tag="700" ind1="1" ind2=" ">
    <subfield code="a">Hessberger, Fritz-Peter</subfield>
    <subfield code="0">P:(DE-Ds200)OR0469</subfield>
    <subfield code="b">10</subfield>
    <subfield code="u">gsi</subfield>
  </datafield>
  <datafield tag="700" ind1="1" ind2=" ">
    <subfield code="a">Hofmann, S.</subfield>
    <subfield code="0">P:(DE-Ds200)OR0487</subfield>
    <subfield code="b">11</subfield>
    <subfield code="u">gsi</subfield>
  </datafield>
  <datafield tag="700" ind1="1" ind2=" ">
    <subfield code="a">Ketelaer, J.</subfield>
    <subfield code="b">12</subfield>
  </datafield>
  <datafield tag="700" ind1="1" ind2=" ">
    <subfield code="a">Ketter, J.</subfield>
    <subfield code="b">13</subfield>
  </datafield>
  <datafield tag="700" ind1="1" ind2=" ">
    <subfield code="a">Kluge, H.-J.</subfield>
    <subfield code="0">P:(DE-Ds200)OR0599</subfield>
    <subfield code="b">14</subfield>
    <subfield code="u">gsi</subfield>
  </datafield>
  <datafield tag="700" ind1="1" ind2=" ">
    <subfield code="a">Marx, G.</subfield>
    <subfield code="b">15</subfield>
  </datafield>
  <datafield tag="700" ind1="1" ind2=" ">
    <subfield code="a">Mazzocco, M.</subfield>
    <subfield code="b">16</subfield>
  </datafield>
  <datafield tag="700" ind1="1" ind2=" ">
    <subfield code="a">Novikov, Yu. N.</subfield>
    <subfield code="0">P:(DE-HGF)0</subfield>
    <subfield code="b">17</subfield>
  </datafield>
  <datafield tag="700" ind1="1" ind2=" ">
    <subfield code="a">Plaß, W. R.</subfield>
    <subfield code="0">P:(DE-HGF)0</subfield>
    <subfield code="b">18</subfield>
  </datafield>
  <datafield tag="700" ind1="1" ind2=" ">
    <subfield code="a">Popeko, A.</subfield>
    <subfield code="b">19</subfield>
  </datafield>
  <datafield tag="700" ind1="1" ind2=" ">
    <subfield code="a">Rahaman, S.</subfield>
    <subfield code="b">20</subfield>
  </datafield>
  <datafield tag="700" ind1="1" ind2=" ">
    <subfield code="a">Rodríguez, D.</subfield>
    <subfield code="b">21</subfield>
  </datafield>
  <datafield tag="700" ind1="1" ind2=" ">
    <subfield code="a">Scheidenberger, C.</subfield>
    <subfield code="0">P:(DE-Ds200)OR1098</subfield>
    <subfield code="b">22</subfield>
    <subfield code="u">gsi</subfield>
  </datafield>
  <datafield tag="700" ind1="1" ind2=" ">
    <subfield code="a">Schweikhard, L.</subfield>
    <subfield code="b">23</subfield>
  </datafield>
  <datafield tag="700" ind1="1" ind2=" ">
    <subfield code="a">Thirolf, P. G.</subfield>
    <subfield code="b">24</subfield>
  </datafield>
  <datafield tag="700" ind1="1" ind2=" ">
    <subfield code="a">Vorobyev, G. K.</subfield>
    <subfield code="0">P:(DE-HGF)0</subfield>
    <subfield code="b">25</subfield>
  </datafield>
  <datafield tag="700" ind1="1" ind2=" ">
    <subfield code="a">Wang, M.</subfield>
    <subfield code="b">26</subfield>
  </datafield>
  <datafield tag="700" ind1="1" ind2=" ">
    <subfield code="a">Weber, C.</subfield>
    <subfield code="b">27</subfield>
  </datafield>
  <datafield tag="773" ind1="1" ind2="8">
    <subfield code="a">10.1103/physrevc.81.064312</subfield>
    <subfield code="b">American Physical Society (APS)</subfield>
    <subfield code="d">2010-06-17</subfield>
    <subfield code="n">6</subfield>
    <subfield code="p">064312</subfield>
    <subfield code="3">journal-article</subfield>
    <subfield code="2">Crossref</subfield>
    <subfield code="t">Physical Review C</subfield>
    <subfield code="v">81</subfield>
    <subfield code="y">2010</subfield>
    <subfield code="x">0556-2813</subfield>
  </datafield>
  <datafield tag="773" ind1=" " ind2=" ">
    <subfield code="a">10.1103/PhysRevC.81.064312</subfield>
    <subfield code="g">Vol. 81, no. 6, p. 064312</subfield>
    <subfield code="p">064312</subfield>
    <subfield code="n">6</subfield>
    <subfield code="0">PERI:(DE-600)2844098-5</subfield>
    <subfield code="t">Physical review / C</subfield>
    <subfield code="v">81</subfield>
    <subfield code="y">2010</subfield>
    <subfield code="x">0556-2813</subfield>
  </datafield>
  <datafield tag="909" ind1="C" ind2="O">
    <subfield code="o">oai:repository.gsi.de:53859</subfield>
    <subfield code="p">VDB</subfield>
  </datafield>
  <datafield tag="910" ind1="1" ind2=" ">
    <subfield code="a">GSI Helmholtzzentrum für Schwerionenforschung GmbH</subfield>
    <subfield code="0">I:(DE-Ds200)20121206GSI</subfield>
    <subfield code="k">GSI</subfield>
    <subfield code="b">0</subfield>
    <subfield code="6">P:(DE-Ds200)BUDP1-0060</subfield>
  </datafield>
  <datafield tag="910" ind1="1" ind2=" ">
    <subfield code="a">GSI Helmholtzzentrum für Schwerionenforschung GmbH</subfield>
    <subfield code="0">I:(DE-Ds200)20121206GSI</subfield>
    <subfield code="k">GSI</subfield>
    <subfield code="b">1</subfield>
    <subfield code="6">P:(DE-Ds200)OR0128</subfield>
  </datafield>
  <datafield tag="910" ind1="1" ind2=" ">
    <subfield code="a">GSI Helmholtzzentrum für Schwerionenforschung GmbH</subfield>
    <subfield code="0">I:(DE-Ds200)20121206GSI</subfield>
    <subfield code="k">GSI</subfield>
    <subfield code="b">2</subfield>
    <subfield code="6">P:(DE-Ds200)OR0004</subfield>
  </datafield>
  <datafield tag="910" ind1="1" ind2=" ">
    <subfield code="a">GSI Helmholtzzentrum für Schwerionenforschung GmbH</subfield>
    <subfield code="0">I:(DE-Ds200)20121206GSI</subfield>
    <subfield code="k">GSI</subfield>
    <subfield code="b">8</subfield>
    <subfield code="6">P:(DE-HGF)0</subfield>
  </datafield>
  <datafield tag="910" ind1="1" ind2=" ">
    <subfield code="a">GSI Helmholtzzentrum für Schwerionenforschung GmbH</subfield>
    <subfield code="0">I:(DE-Ds200)20121206GSI</subfield>
    <subfield code="k">GSI</subfield>
    <subfield code="b">9</subfield>
    <subfield code="6">P:(DE-Ds200)OR0461</subfield>
  </datafield>
  <datafield tag="910" ind1="1" ind2=" ">
    <subfield code="a">GSI Helmholtzzentrum für Schwerionenforschung GmbH</subfield>
    <subfield code="0">I:(DE-Ds200)20121206GSI</subfield>
    <subfield code="k">GSI</subfield>
    <subfield code="b">10</subfield>
    <subfield code="6">P:(DE-Ds200)OR0469</subfield>
  </datafield>
  <datafield tag="910" ind1="1" ind2=" ">
    <subfield code="a">GSI Helmholtzzentrum für Schwerionenforschung GmbH</subfield>
    <subfield code="0">I:(DE-Ds200)20121206GSI</subfield>
    <subfield code="k">GSI</subfield>
    <subfield code="b">11</subfield>
    <subfield code="6">P:(DE-Ds200)OR0487</subfield>
  </datafield>
  <datafield tag="910" ind1="1" ind2=" ">
    <subfield code="a">GSI Helmholtzzentrum für Schwerionenforschung GmbH</subfield>
    <subfield code="0">I:(DE-Ds200)20121206GSI</subfield>
    <subfield code="k">GSI</subfield>
    <subfield code="b">14</subfield>
    <subfield code="6">P:(DE-Ds200)OR0599</subfield>
  </datafield>
  <datafield tag="910" ind1="1" ind2=" ">
    <subfield code="a">GSI Helmholtzzentrum für Schwerionenforschung GmbH</subfield>
    <subfield code="0">I:(DE-Ds200)20121206GSI</subfield>
    <subfield code="k">GSI</subfield>
    <subfield code="b">17</subfield>
    <subfield code="6">P:(DE-HGF)0</subfield>
  </datafield>
  <datafield tag="910" ind1="1" ind2=" ">
    <subfield code="a">GSI Helmholtzzentrum für Schwerionenforschung GmbH</subfield>
    <subfield code="0">I:(DE-Ds200)20121206GSI</subfield>
    <subfield code="k">GSI</subfield>
    <subfield code="b">18</subfield>
    <subfield code="6">P:(DE-HGF)0</subfield>
  </datafield>
  <datafield tag="910" ind1="1" ind2=" ">
    <subfield code="a">GSI Helmholtzzentrum für Schwerionenforschung GmbH</subfield>
    <subfield code="0">I:(DE-Ds200)20121206GSI</subfield>
    <subfield code="k">GSI</subfield>
    <subfield code="b">22</subfield>
    <subfield code="6">P:(DE-Ds200)OR1098</subfield>
  </datafield>
  <datafield tag="910" ind1="1" ind2=" ">
    <subfield code="a">GSI Helmholtzzentrum für Schwerionenforschung GmbH</subfield>
    <subfield code="0">I:(DE-Ds200)20121206GSI</subfield>
    <subfield code="k">GSI</subfield>
    <subfield code="b">25</subfield>
    <subfield code="6">P:(DE-HGF)0</subfield>
  </datafield>
  <datafield tag="913" ind1="1" ind2=" ">
    <subfield code="a">DE-HGF</subfield>
    <subfield code="b">Struktur der Materie</subfield>
    <subfield code="1">G:(DE-HGF)POF2-540</subfield>
    <subfield code="0">G:(DE-HGF)POF2-544</subfield>
    <subfield code="v">In-house Research with PNI</subfield>
    <subfield code="x">0</subfield>
    <subfield code="4">G:(DE-HGF)POF</subfield>
    <subfield code="3">G:(DE-HGF)POF2</subfield>
    <subfield code="2">G:(DE-HGF)POF2-500</subfield>
    <subfield code="l">Forschung mit Photonen, Neutronen, Ionen</subfield>
  </datafield>
  <datafield tag="913" ind1="1" ind2=" ">
    <subfield code="a">DE-HGF</subfield>
    <subfield code="b">Struktur der Materie</subfield>
    <subfield code="l">Physik der Hadronen und Kerne</subfield>
    <subfield code="1">G:(DE-HGF)POF2-530</subfield>
    <subfield code="0">G:(DE-HGF)POF2-533</subfield>
    <subfield code="2">G:(DE-HGF)POF2-500</subfield>
    <subfield code="v">Exotic Nuclei and Nuclear Astrophysics (ENNA)</subfield>
    <subfield code="x">1</subfield>
    <subfield code="4">G:(DE-HGF)POF</subfield>
    <subfield code="3">G:(DE-HGF)POF2</subfield>
  </datafield>
  <datafield tag="914" ind1="1" ind2=" ">
    <subfield code="y">2010</subfield>
  </datafield>
  <datafield tag="915" ind1=" " ind2=" ">
    <subfield code="a">JCR/ISI refereed</subfield>
    <subfield code="0">StatID:(DE-HGF)0010</subfield>
    <subfield code="2">StatID</subfield>
  </datafield>
  <datafield tag="915" ind1=" " ind2=" ">
    <subfield code="a">JCR</subfield>
    <subfield code="0">StatID:(DE-HGF)0100</subfield>
    <subfield code="2">StatID</subfield>
  </datafield>
  <datafield tag="915" ind1=" " ind2=" ">
    <subfield code="a">WoS</subfield>
    <subfield code="0">StatID:(DE-HGF)0110</subfield>
    <subfield code="2">StatID</subfield>
    <subfield code="b">Science Citation Index</subfield>
  </datafield>
  <datafield tag="915" ind1=" " ind2=" ">
    <subfield code="a">WoS</subfield>
    <subfield code="0">StatID:(DE-HGF)0111</subfield>
    <subfield code="2">StatID</subfield>
    <subfield code="b">Science Citation Index Expanded</subfield>
  </datafield>
  <datafield tag="915" ind1=" " ind2=" ">
    <subfield code="a">DBCoverage</subfield>
    <subfield code="0">StatID:(DE-HGF)0150</subfield>
    <subfield code="2">StatID</subfield>
    <subfield code="b">Web of Science Core Collection</subfield>
  </datafield>
  <datafield tag="915" ind1=" " ind2=" ">
    <subfield code="a">DBCoverage</subfield>
    <subfield code="0">StatID:(DE-HGF)0199</subfield>
    <subfield code="2">StatID</subfield>
    <subfield code="b">Thomson Reuters Master Journal List</subfield>
  </datafield>
  <datafield tag="915" ind1=" " ind2=" ">
    <subfield code="a">DBCoverage</subfield>
    <subfield code="0">StatID:(DE-HGF)0200</subfield>
    <subfield code="2">StatID</subfield>
    <subfield code="b">SCOPUS</subfield>
  </datafield>
  <datafield tag="915" ind1=" " ind2=" ">
    <subfield code="a">DBCoverage</subfield>
    <subfield code="0">StatID:(DE-HGF)0300</subfield>
    <subfield code="2">StatID</subfield>
    <subfield code="b">Medline</subfield>
  </datafield>
  <datafield tag="915" ind1=" " ind2=" ">
    <subfield code="a">Nationallizenz</subfield>
    <subfield code="0">StatID:(DE-HGF)0420</subfield>
    <subfield code="2">StatID</subfield>
  </datafield>
  <datafield tag="915" ind1=" " ind2=" ">
    <subfield code="a">DBCoverage</subfield>
    <subfield code="0">StatID:(DE-HGF)1020</subfield>
    <subfield code="2">StatID</subfield>
    <subfield code="b">Current Contents - Social and Behavioral Sciences</subfield>
  </datafield>
  <datafield tag="920" ind1="1" ind2=" ">
    <subfield code="0">I:(DE-Ds200)SHP-20080822OR107</subfield>
    <subfield code="k">SHP</subfield>
    <subfield code="l">SHE Physik</subfield>
    <subfield code="x">0</subfield>
  </datafield>
  <datafield tag="920" ind1="1" ind2=" ">
    <subfield code="0">I:(DE-Ds200)ATP-20051214OR020</subfield>
    <subfield code="k">ATP</subfield>
    <subfield code="l">Atomphysik</subfield>
    <subfield code="x">1</subfield>
  </datafield>
  <datafield tag="920" ind1="1" ind2=" ">
    <subfield code="0">I:(DE-Ds200)NUK-20110310OR119</subfield>
    <subfield code="k">NUK</subfield>
    <subfield code="l">NuSTAR / MU Koordination</subfield>
    <subfield code="x">2</subfield>
  </datafield>
  <datafield tag="980" ind1=" " ind2=" ">
    <subfield code="a">journal</subfield>
  </datafield>
  <datafield tag="980" ind1=" " ind2=" ">
    <subfield code="a">VDB</subfield>
  </datafield>
  <datafield tag="980" ind1=" " ind2=" ">
    <subfield code="a">I:(DE-Ds200)20110830OR107</subfield>
  </datafield>
  <datafield tag="980" ind1=" " ind2=" ">
    <subfield code="a">I:(DE-Ds200)SHP-20080822OR107</subfield>
  </datafield>
  <datafield tag="980" ind1=" " ind2=" ">
    <subfield code="a">I:(DE-Ds200)20110830OR020</subfield>
  </datafield>
  <datafield tag="980" ind1=" " ind2=" ">
    <subfield code="a">I:(DE-Ds200)ATP-20051214OR020</subfield>
  </datafield>
  <datafield tag="980" ind1=" " ind2=" ">
    <subfield code="a">I:(DE-Ds200)20120319OR119</subfield>
  </datafield>
  <datafield tag="980" ind1=" " ind2=" ">
    <subfield code="a">I:(DE-Ds200)NUK-20110310OR119</subfield>
  </datafield>
  <datafield tag="980" ind1=" " ind2=" ">
    <subfield code="a">UNRESTRICTED</subfield>
  </datafield>
  <datafield tag="999" ind1="C" ind2="5">
    <subfield code="a">10.1016/j.physrep.2005.10.011</subfield>
    <subfield code="9">-- missing cx lookup --</subfield>
    <subfield code="2">Crossref</subfield>
  </datafield>
  <datafield tag="999" ind1="C" ind2="5">
    <subfield code="a">10.1016/j.ijms.2006.01.048</subfield>
    <subfield code="9">-- missing cx lookup --</subfield>
    <subfield code="p">85 -</subfield>
    <subfield code="2">Crossref</subfield>
    <subfield code="t">Int. J. Mass Spectrom.</subfield>
    <subfield code="v">251</subfield>
    <subfield code="y">2006</subfield>
  </datafield>
  <datafield tag="999" ind1="C" ind2="5">
    <subfield code="a">10.1103/PhysRevLett.102.112501</subfield>
    <subfield code="9">-- missing cx lookup --</subfield>
    <subfield code="2">Crossref</subfield>
  </datafield>
  <datafield tag="999" ind1="C" ind2="5">
    <subfield code="a">10.1103/PhysRev.56.426</subfield>
    <subfield code="9">-- missing cx lookup --</subfield>
    <subfield code="2">Crossref</subfield>
  </datafield>
  <datafield tag="999" ind1="C" ind2="5">
    <subfield code="a">10.1016/0375-9474(91)90823-O</subfield>
    <subfield code="9">-- missing cx lookup --</subfield>
    <subfield code="2">Crossref</subfield>
  </datafield>
  <datafield tag="999" ind1="C" ind2="5">
    <subfield code="a">10.1088/0954-3899/20/11/003</subfield>
    <subfield code="9">-- missing cx lookup --</subfield>
    <subfield code="2">Crossref</subfield>
  </datafield>
  <datafield tag="999" ind1="C" ind2="5">
    <subfield code="a">10.1140/epjd/e2007-00189-2</subfield>
    <subfield code="9">-- missing cx lookup --</subfield>
    <subfield code="2">Crossref</subfield>
  </datafield>
  <datafield tag="999" ind1="C" ind2="5">
    <subfield code="a">10.1103/RevModPhys.72.733</subfield>
    <subfield code="9">-- missing cx lookup --</subfield>
    <subfield code="2">Crossref</subfield>
  </datafield>
  <datafield tag="999" ind1="C" ind2="5">
    <subfield code="a">10.1140/epja/i2007-10520-5</subfield>
    <subfield code="9">-- missing cx lookup --</subfield>
    <subfield code="2">Crossref</subfield>
  </datafield>
  <datafield tag="999" ind1="C" ind2="5">
    <subfield code="a">10.1140/epjst/e2007-00339-8</subfield>
    <subfield code="9">-- missing cx lookup --</subfield>
    <subfield code="2">Crossref</subfield>
  </datafield>
  <datafield tag="999" ind1="C" ind2="5">
    <subfield code="a">10.1103/PhysRevLett.100.012501</subfield>
    <subfield code="9">-- missing cx lookup --</subfield>
    <subfield code="2">Crossref</subfield>
  </datafield>
  <datafield tag="999" ind1="C" ind2="5">
    <subfield code="a">10.1103/PhysRevC.78.054310</subfield>
    <subfield code="9">-- missing cx lookup --</subfield>
    <subfield code="2">Crossref</subfield>
  </datafield>
  <datafield tag="999" ind1="C" ind2="5">
    <subfield code="a">10.1038/nature08774</subfield>
    <subfield code="9">-- missing cx lookup --</subfield>
    <subfield code="2">Crossref</subfield>
  </datafield>
  <datafield tag="999" ind1="C" ind2="5">
    <subfield code="a">10.1016/j.nimb.2005.10.017</subfield>
    <subfield code="9">-- missing cx lookup --</subfield>
    <subfield code="2">Crossref</subfield>
  </datafield>
  <datafield tag="999" ind1="C" ind2="5">
    <subfield code="a">10.1016/j.nimb.2007.01.291</subfield>
    <subfield code="9">-- missing cx lookup --</subfield>
    <subfield code="2">Crossref</subfield>
  </datafield>
  <datafield tag="999" ind1="C" ind2="5">
    <subfield code="a">10.1016/0375-9601(91)91008-2</subfield>
    <subfield code="9">-- missing cx lookup --</subfield>
    <subfield code="2">Crossref</subfield>
  </datafield>
  <datafield tag="999" ind1="C" ind2="5">
    <subfield code="a">10.1007/BF01392119</subfield>
    <subfield code="9">-- missing cx lookup --</subfield>
    <subfield code="2">Crossref</subfield>
  </datafield>
  <datafield tag="999" ind1="C" ind2="5">
    <subfield code="a">10.1016/0168-1176(95)04146-C</subfield>
    <subfield code="9">-- missing cx lookup --</subfield>
    <subfield code="2">Crossref</subfield>
  </datafield>
  <datafield tag="999" ind1="C" ind2="5">
    <subfield code="a">10.1140/epjd/e2002-00222-0</subfield>
    <subfield code="9">-- missing cx lookup --</subfield>
    <subfield code="2">Crossref</subfield>
  </datafield>
  <datafield tag="999" ind1="C" ind2="5">
    <subfield code="a">10.1140/epjd/e2007-00001-5</subfield>
    <subfield code="9">-- missing cx lookup --</subfield>
    <subfield code="2">Crossref</subfield>
  </datafield>
  <datafield tag="999" ind1="C" ind2="5">
    <subfield code="a">10.1016/j.nuclphysa.2003.11.003</subfield>
    <subfield code="9">-- missing cx lookup --</subfield>
    <subfield code="2">Crossref</subfield>
  </datafield>
  <datafield tag="999" ind1="C" ind2="5">
    <subfield code="a">10.1063/1.346185</subfield>
    <subfield code="9">-- missing cx lookup --</subfield>
    <subfield code="2">Crossref</subfield>
  </datafield>
  <datafield tag="999" ind1="C" ind2="5">
    <subfield code="a">10.1103/PhysRevLett.18.401</subfield>
    <subfield code="9">-- missing cx lookup --</subfield>
    <subfield code="2">Crossref</subfield>
  </datafield>
  <datafield tag="999" ind1="C" ind2="5">
    <subfield code="a">10.1103/PhysRevLett.97.082502</subfield>
    <subfield code="9">-- missing cx lookup --</subfield>
    <subfield code="2">Crossref</subfield>
  </datafield>
  <datafield tag="999" ind1="C" ind2="5">
    <subfield code="a">10.1134/S1063778807080200</subfield>
    <subfield code="9">-- missing cx lookup --</subfield>
    <subfield code="2">Crossref</subfield>
  </datafield>
  <datafield tag="999" ind1="C" ind2="5">
    <subfield code="a">10.1140/epja/i2007-10469-3</subfield>
    <subfield code="9">-- missing cx lookup --</subfield>
    <subfield code="2">Crossref</subfield>
  </datafield>
  <datafield tag="999" ind1="C" ind2="5">
    <subfield code="a">10.1007/s10751-007-9555-y</subfield>
    <subfield code="9">-- missing cx lookup --</subfield>
    <subfield code="2">Crossref</subfield>
  </datafield>
  <datafield tag="999" ind1="C" ind2="5">
    <subfield code="a">10.1103/PhysRevC.15.705</subfield>
    <subfield code="9">-- missing cx lookup --</subfield>
    <subfield code="2">Crossref</subfield>
  </datafield>
  <datafield tag="999" ind1="C" ind2="5">
    <subfield code="a">10.1140/epja/i2003-10238-4</subfield>
    <subfield code="9">-- missing cx lookup --</subfield>
    <subfield code="2">Crossref</subfield>
  </datafield>
  <datafield tag="999" ind1="C" ind2="5">
    <subfield code="1">G. N. Akapev</subfield>
    <subfield code="y">1966</subfield>
    <subfield code="2">Crossref</subfield>
    <subfield code="o">G. N. Akapev 1966</subfield>
  </datafield>
  <datafield tag="999" ind1="C" ind2="5">
    <subfield code="a">10.1016/0370-2693(67)90552-7</subfield>
    <subfield code="9">-- missing cx lookup --</subfield>
    <subfield code="2">Crossref</subfield>
  </datafield>
  <datafield tag="999" ind1="C" ind2="5">
    <subfield code="1">J. Gormann</subfield>
    <subfield code="y">1972</subfield>
    <subfield code="2">Crossref</subfield>
    <subfield code="o">J. Gormann 1972</subfield>
  </datafield>
  <datafield tag="999" ind1="C" ind2="5">
    <subfield code="a">10.1103/PhysRevC.79.014318</subfield>
    <subfield code="9">-- missing cx lookup --</subfield>
    <subfield code="2">Crossref</subfield>
  </datafield>
  <datafield tag="999" ind1="C" ind2="5">
    <subfield code="a">10.1140/epjd/e2007-00146-1</subfield>
    <subfield code="9">-- missing cx lookup --</subfield>
    <subfield code="2">Crossref</subfield>
  </datafield>
  <datafield tag="999" ind1="C" ind2="5">
    <subfield code="a">10.1103/PhysRevC.74.044303</subfield>
    <subfield code="9">-- missing cx lookup --</subfield>
    <subfield code="2">Crossref</subfield>
  </datafield>
  <datafield tag="999" ind1="C" ind2="5">
    <subfield code="a">10.1103/PhysRevC.7.280</subfield>
    <subfield code="9">-- missing cx lookup --</subfield>
    <subfield code="2">Crossref</subfield>
  </datafield>
  <datafield tag="999" ind1="C" ind2="5">
    <subfield code="1">B. Sur</subfield>
    <subfield code="y">1989</subfield>
    <subfield code="2">Crossref</subfield>
    <subfield code="o">B. Sur 1989</subfield>
  </datafield>
  <datafield tag="999" ind1="C" ind2="5">
    <subfield code="a">10.1007/BF01246260</subfield>
    <subfield code="9">-- missing cx lookup --</subfield>
    <subfield code="2">Crossref</subfield>
  </datafield>
  <datafield tag="999" ind1="C" ind2="5">
    <subfield code="a">10.1007/BF01415134</subfield>
    <subfield code="9">-- missing cx lookup --</subfield>
    <subfield code="2">Crossref</subfield>
  </datafield>
  <datafield tag="999" ind1="C" ind2="5">
    <subfield code="a">10.1103/PhysRevC.73.014611</subfield>
    <subfield code="9">-- missing cx lookup --</subfield>
    <subfield code="2">Crossref</subfield>
  </datafield>
  <datafield tag="999" ind1="C" ind2="5">
    <subfield code="a">10.1016/S0375-9474(03)00915-1</subfield>
    <subfield code="9">-- missing cx lookup --</subfield>
    <subfield code="2">Crossref</subfield>
  </datafield>
  <datafield tag="999" ind1="C" ind2="5">
    <subfield code="a">10.1103/PhysRevC.77.034603</subfield>
    <subfield code="9">-- missing cx lookup --</subfield>
    <subfield code="2">Crossref</subfield>
  </datafield>
  <datafield tag="999" ind1="C" ind2="5">
    <subfield code="a">10.1007/s100500170137</subfield>
    <subfield code="9">-- missing cx lookup --</subfield>
    <subfield code="2">Crossref</subfield>
  </datafield>
  <datafield tag="999" ind1="C" ind2="5">
    <subfield code="a">10.1103/PhysRevC.60.034304</subfield>
    <subfield code="9">-- missing cx lookup --</subfield>
    <subfield code="2">Crossref</subfield>
  </datafield>
  <datafield tag="999" ind1="C" ind2="5">
    <subfield code="a">10.1038/nature03336</subfield>
    <subfield code="9">-- missing cx lookup --</subfield>
    <subfield code="2">Crossref</subfield>
  </datafield>
  <datafield tag="999" ind1="C" ind2="5">
    <subfield code="a">10.1088/0954-3899/34/4/R01</subfield>
    <subfield code="9">-- missing cx lookup --</subfield>
    <subfield code="2">Crossref</subfield>
  </datafield>
  <datafield tag="999" ind1="C" ind2="5">
    <subfield code="a">10.1140/epja/i2008-10711-6</subfield>
    <subfield code="9">-- missing cx lookup --</subfield>
    <subfield code="2">Crossref</subfield>
  </datafield>
  <datafield tag="999" ind1="C" ind2="5">
    <subfield code="a">10.1016/j.nima.2008.06.023</subfield>
    <subfield code="9">-- missing cx lookup --</subfield>
    <subfield code="2">Crossref</subfield>
  </datafield>
</record>
</collection>